000 00620nam a22001817a 4500
999 _c185843
_d185843
005 20220210140743.0
010 _aENG-131499
020 _a9789390679300
_c399.00
035 _aEN-115031
037 _bDBAD
082 _a796.422092
100 _aMisra, Sundeep
245 _aFiercely The Dutee Chand Story Female/
_cSundeep Misra
260 _aChennai
_bWestland Publication Private Limited
_c2021
270 _a1st Floor, A Block, East Wing, Plot No. 40 SP infocity, Dr. MGR Salai, Pergudi, Kandanchavadi
_bChennai
_e600096
300 _aix, 156p.
_c20cm(pbk)
942 _2ddc
_cEN
_h796.422092
_mMIS